[Event "Legends of Chess"]
[Site "Online"]
[Date "2020.08.01"]
[Round "2.4"]
[White "Giri, Anish"]
[Black "Nepomniachtchi, Ian"]
[Result "0-1"]
[WhiteElo "2731"]
[BlackElo "2778"]
[EventDate "2020.??.??"]
[Annotator "Bojkov,Dejan"]
[PlyCount "108"]
[Beauty "6737465480229"]
[EventType "team-tourn"]

1.Nf3 c5 2.c4 Nc6 3.d4 {An English move order to prevent Nepomniachtchi's Grunfeld.} 3...cxd4 4.Nxd4 Nf6 5.Nc3 e6 6.a3 Be7 7.e4 O-O 8.Nf3 Qa5 {Nepomniachtchi had used this maneuver before as well, but he is in for a surprise.} 9.Bd2 Qh5 10.Rg1 $1 $146 {A nice novelty. g2-g4 is on the agenda and cannot be prevented.} ( {The stem game went:} 10.Be2 {and Black equalized easily with:} 10...d5 11.exd5 exd5 12.cxd5 Nxd5 13.Nd4 Qh4 14.Nxc6 bxc6 15.O-O Be6 16.Bf3 {So,W (2760)-Nepomniachtchi,I (2767) Jerusalem 2019} ) 10...a6 ( {The principled continuation seems to be the central approach:} 10...d5 {But one can hardly enter the following line unprepared:} 11.g4 Nxg4 12.cxd5 exd5 13.Nxd5 Bc5 ) 11.h3 Ne5 ( {If the queen leaves:} 11...Qc5 {White has a bunch of interesting possibilities:} 12.g4 ( {But:} 12.b4 ) ( {And:} 12.Qe2 {also make a lot of sense.} ) ) 12.g4 {Giri expands and chases away the enemy knight from the center, thus limitting Nepomniachtchi's chances for a central counter-strike.} 12...Nxf3+ 13.Qxf3 Qc5 14.g5 Ne8 {In line with his plan.} 15.h4 ( {However, there was a strong argument for the tactical shot:} 15.Nd5 $1 exd5 16.Bb4 {When after:} 16...Qd4 17.Bxe7 Qxb2 18.Rd1 dxe4 19.Qe3 Qe5 20.Bxf8 Kxf8 21.Rg4 {Black does not seem to have enough for the exchange.} ) 15...b5 $1 {This is the other way to attack the center, which is ruined in a Benko gambit style.} ( {The right-hand attack:} 15...f5 {leads Black nowhere after either:} 16.exf5 ( {Or the simple:} 16.Qe2 fxe4 17.Nxe4 ) 16...Rxf5 17.Qg3 {in both cases with better pawn structure and better prospects for White.} ) 16.cxb5 axb5 17.Bxb5 Bb7 ( {There is no time for:} 17...Nd6 18.Be3 Qe5 19.Qf4 ) 18.Bd3 ( {Here it made sense to throw-in the move:} 18.Qe3 $5 Qe5 19.Bd3 ) 18...Nd6 19.Qe2 {Too slow.} ( {It seems as the tempo-gainer:} 19.Qe3 $1 {was a must. Most likely Black would have retreated with the queen and then the extra tempo could have come handy for White.} ) 19...Rfc8 ( {In this situation:} 19...f5 $1 {made much sense as the white king does not find shelter on either wing or in the center after:} 20.gxf6 Bxf6 ) 20.Rc1 Qb6 21.Be3 Qa5 {Threatening the e4-pawn.} 22.Bd2 Qb6 23.Be3 Qa5 24.Bd2 {Giri repeats moves.} 24...Ba6 $5 {While Nepomniachtchi feels that his initiative is worth more than the pawn.} 25.Bxa6 Rxa6 26.Kf1 {This move would be played sooner or later.} ( {However, this was a good moment to swap a pair of rooks with:} 26.Nd1 $1 {Then both:} 26...Qb6 ( {And the similar:} 26...Qa4 27.Rxc8+ Nxc8 28.h5 ) ( {Also notice that the sacrifice:} 26...Rxc1 27.Bxa5 Rxa5 {does not work for Black due to:} 28.Rg3 $1 {followed by Rg3-c3!} ) 27.Rxc8+ Nxc8 28.h5 {promise White the better chances. With just one pair of rooks on the board the white king is much safer, and White may continue with Bd2-c3, Rg1-g3 and a king transfer towards the kingside.} ) 26...Rac6 27.Be1 ( {It was not too late for:} 27.Nd1 $1 Qa4 28.Rxc6 Qxc6 29.Bb4 ) 27...Qc7 {Now the white king will be permamently weak. For starters Nepomniachtchi prepares the opening of the center.} 28.Rg3 Nc4 29.Rc2 {Stepping out of the next attack.} ( {In case of:} 29.Rh3 {Black has various way to develop his initiative:} 29...Qf4 ( 29...Qb7 $5 ) ( 29...Qb8 $5 ) 30.Rd1 ) 29...Qf4 30.Rh3 Bf8 ( {Also good seemed:} 30...f6 $5 ) 31.Nd1 {The moment is gone and this only helps Black now!} ( {It made sense to hide the king further with:} 31.Kg1 $5 ) 31...d5 $1 {This is it, the center is unblocked!} 32.exd5 exd5 33.Qf3 ( {Sometimes it makes sense to give up the extra pawn:} 33.b3 $1 Nxa3 34.Rxc6 Rxc6 35.Bd2 Qf5 36.Qd3 {solidifides White's position, and what's more - the rooks are once again traded!} ) 33...Qd6 34.Re2 d4 {Black is coupling the threats against the white king with the advance of the d-passer.} ( {A tad more accurate was:} 34...Qd7 $5 {to avoid White's next maneuver.} ) 35.Bb4 Qd7 36.Bxf8 Rxf8 37.Kg2 f6 {Logical and strong. Black opens up lines the king.} ( {Nepomniachtchi had a pleasant choice here as he could have also support the passer with:} 37...Rd8 $5 38.Qd3 Rc5 {followed by Nc4-e5.} ) 38.Qe4 f5 $1 {This might have come as a surprise for White. The point was demonstrated after:} ( {More obvious seemed:} 38...fxg5 39.hxg5 Rg6 40.Rg3 Qf7 {which is also annoying for the first player.} ) 39.Qf3 ( {Had Giri known what was coming he might have chosen:} 39.Qd3 f4 40.Kh2 ) 39...f4 {Where is this pawn heading to?} 40.b4 {Now the point of Nepomniachtchi's f-power play:} ( {Or:} 40.b3 Ne3+ $1 41.fxe3 fxe3 42.Qe4 Re6 {with similar consequences to the game.} ) 40...Ne3+ $3 {Sweet! The f-file is opened, the central passers are running. Everything is just as Black wanted it.} 41.fxe3 fxe3 42.Qe4 ( {After:} 42.Qg3 {Both:} 42...Rc1 ( {And:} 42...Qd5+ {would lead to a massive attack for Black.} ) ) 42...Re6 43.Qd3 Qc6+ ( {The alternative was cool too:} 43...Qb7+ $1 44.Kg1 Qf7 45.Kh2 Qf1 46.b5 {and now an original way to bring the second rook to the f-file:} 46...Re4 $3 ) 44.Kg1 Re4 $1 {Mate is approaching and Giri finds his only chance.} 45.Nxe3 $1 ( {Or else White would be completely tied up:} 45.Rg3 Ref4 46.Reg2 Qc1 ) 45...dxe3 46.Rexe3 {But this is making Black's win easier.} ( {The last chance was:} 46.Rhxe3 $1 {Hoping for some defense after:} 46...Rg4+ ( {But Black can be more convincing with:} 46...Rxh4 $1 47.Rh3 Rg4+ 48.Rg3 Rgf4 {and the exposed white king should tell at the end.} ) 47.Kh2 Qc7+ ( 47...Rxh4+ 48.Rh3 ) 48.Re5 ) 46...Qc1+ 47.Kg2 {Time for another brilliancy:} 47...Rd4 $3 {The black rooks were extremely brave in this game.} 48.Qb3+ ( {As the rook is immune:} 48.Qxd4 Qf1+ 49.Kh2 Rf2+ 50.Kg3 Qg1# ) 48...Kh8 49.Rhf3 Rd2+ {The heavy-piece attack leads to mate.} 50.Kh3 ( {Or a faster mate after:} 50.Kg3 Qg1+ 51.Kh3 Rh2# ) 50...Qh1+ 51.Kg4 Rg2+ 52.Rg3 Rh2 $1 53.Rh3 Qg2+ 54.Reg3 Qe4+ 0-1

[Event "Magnus Carlsen Chess Tour Finals"]
[Site "Online"]
[Date "2020.08.12"]
[Round "23.1"]
[White "Ding, Liren"]
[Black "Carlsen, Magnus"]
[Result "1-0"]
[WhiteElo "2836"]
[BlackElo "2881"]
[EventDate "2020.??.??"]
[Annotator "Bojkov,Dejan"]
[PlyCount "61"]
[Beauty "8248220203607"]
[EventType "simul"]
[EventRounds "2"]

1.d4 Nf6 2.c4 g6 3.g3 Bg7 4.Bg2 {The Fianchetto system has a very solid reputation against both the Grunfeld and the King's Indian Defenses.} 4...O-O 5.Nc3 d6 6.Nf3 Nc6 7.O-O e5 8.d5 {This was also Carlsen's choice when playing against the World in 2010.} 8...Ne7 9.e4 b6 ( {Both} 9...a5 10.Ne1 Nd7 11.Nd3 b6 12.Be3 Nc5 13.Nxc5 bxc5 14.Qd2 c6 15.Rac1 cxd5 16.Nxd5 Nxd5 17.Qxd5 Be6 {Mikhalevski,V (2578)-Zhou,J (2606) Sturbridge 2019} ) ( {And} 9...Nd7 {may transpose into similar positions.} ) 10.Rb1 a5 11.Re1 $146 {A solid, prophylactic move, \E0 la Petrosian.} ( {It is curious that an earlier game was One of the future world champion himself, but he chose instead the straightforward queenside expansion:} 11.a3 Bd7 12.b4 axb4 13.axb4 Qc8 14.c5 bxc5 15.bxc5 Bh3 16.c6 h6 17.Rb7 Ne8 18.Nd2 Bxg2 19.Kxg2 f5 {Petrosian, T-Panov,V Moscow 1950} ) 11...Nd7 12.a3 {Yes, this will be played sooner or later.} 12...h6 ( {Not yet} 12...f5 {because of} 13.Ng5 ) 13.Nh4 $1 {Ding's beloved maneuver, which was invented by the prominent GM Mark Taimanov. It is pure prophylaxis: White wants to tame the kingside pawns of the opponent and is ready to put pressure against the f5 pawn whenever it is advanced.} 13...f5 14.exf5 gxf5 15.Qc2 {Following the idea. The f5 pawn is under pressure and none of the duo is risking to make a step further. Notice too that the advance of the black h-pawn weakened the g6 square and Black can no longer use it for his knight.} 15...Nf6 ( {If} 15...e4 16.f3 {destroys the pair at once.} ) 16.b4 {The kingside is blocked and White resumes his queenside assault.} 16...Bd7 17.c5 axb4 18.axb4 e4 {Carlsen risks, but now the game is opened in his opponent's favor.} ( {In the line} 18...bxc5 19.bxc5 dxc5 $2 ( {But maybe Black can defend patiently with} 19...Bc8 $5 ) ( {Or} 19...Ra5 20.c6 Bc8 21.Rb8 {True, Black's position is not great in either case.} ) 20.Rxe5 {Black cannot successfully trap the rook with} 20...Ne4 {as the compensation that White would get after either} 21.Nxe4 ( {or} 21.Bf4 $5 ) 21...Bxe5 22.Nxc5 {would be exuberant.} ) 19.c6 Be8 20.f3 $1 {Of course! Black is not prepared for the opening of the game.} 20...Nfxd5 ( {White's advantage is indisputable after both} 20...exf3 21.Bxf3 ) ( {and} 20...f4 21.fxe4 fxg3 22.hxg3 {when there is not enough compensation for the pawn.} ) 21.Nxd5 Nxd5 22.fxe4 ( {Black would have surely loved to see} 22.Qc4 Bf7 23.Nxf5 Ne3 24.Qxe4 Nxf5 25.Qxf5 Ba2 ) 22...fxe4 23.Bxe4 {The only little slip of the Chinese GM in the game.} ( {The surprising} 23.Rxe4 $1 {would have won as in the line:} 23...Nc3 ( {If} 23...Nf6 24.Rf4 {and Black can hardly move anything.} ) 24.Rg4 {White includes the rook into the attack with decisive effect, e.g.} 24...Nxb1 25.Bxh6 Rf7 26.Bd5 {and wins.} ) 23...Nc3 {A step in the wrong direction.} ( {It was mandatory to give a check once:} 23...Bd4+ $1 {Then if the king steps to the second rank with} 24.Kg2 ( {Also} 24.Kh1 Nc3 25.Bxh6 Rf2 26.Qd3 Qf6 {allows a chance for Black to defend.} ) 24...Nc3 {The idea that Ding used in the game:} 25.Bxh6 {No longer works due to the obvious} ( {Therefore} 25.Bf3 $1 {is needed, when Black needs to avoid the greedy} 25...Nxb1 $2 ( {But choose instead} 25...Rxf3 $1 26.Nxf3 Bxc6 {when it is unclear.} ) 26.Qc4+ {with an instant win.} ) 25...Rf2+ ) 24.Bxh6 $1 {Missed by Carlsen.} 24...Qf6 {Now Carlsen loses by force.} ( {It was not too late for} 24...Bd4+ 25.Be3 {And now not} 25...Bxe3+ $2 ( {but rather the cementing} 25...Qf6 $1 26.Rbc1 Ra2 27.Bd5+ Nxd5 28.Qxa2 Bf7 29.Bxd4 Qxd4+ 30.Qf2 Qxf2+ 31.Kxf2 Nxb4 {with chances for survival.} ) 26.Rxe3 Nxb1 27.Bd5+ Kh8 28.Re6 {which is a mating attack for White.} ) 25.Bh7+ Kh8 26.Rxe8 $1 {Removing the key defender of the light squares when White does whatever he wants.} 26...Rfxe8 ( {Perhaps Black should have at tried} 26...Bxh6 $1 {Although the study-like} 27.Re7 $1 {should win for White too, in the possible endgame:} 27...Bg7 28.Rbe1 Qd4+ 29.Kh1 Qd5+ 30.Be4 Nxe4 31.Qxe4 Qxe4+ 32.R1xe4 ) 27.Ng6+ Kxh7 28.Nf8+ Kxh6 {That leads to a nice mate.} ( {However, White was winning anyway:} 28...Kg8 29.Qh7+ Kxf8 ( 29...Kf7 30.Rf1 ) 30.Bxg7+ Qxg7 31.Rf1+ ) 29.Qh7+ Kg5 30.Qh4+ Kf5 31.Qf4# {A model game by Ding!} 1-0

[Event "Magnus Carlsen Chess Tour Finals"]
[Site "Online"]
[Date "2020.08.17"]
[Round "4.3"]
[White "Carlsen, Magnus"]
[Black "Nakamura, Hikaru"]
[Result "1-0"]
[WhiteElo "2881"]
[BlackElo "2829"]
[EventDate "2020.??.??"]
[Annotator "Bojkov,Dejan"]
[PlyCount "71"]
[Beauty "7972398888022"]
[EventType "simul"]
[EventRounds "2"]

1.e4 e5 2.Nf3 Nc6 3.Bc4 {The evergreen Italian.} 3...Bc5 4.O-O Nf6 5.d3 d6 6.c3 h6 7.Re1 O-O 8.Nbd2 a5 ( {The other plan was tested in another top-level game recently:} 8...a6 9.a4 Ba7 10.h3 Re8 11.b4 Be6 12.Bxe6 Rxe6 13.Qc2 Qd7 14.Nf1 d5 15.Be3 d4 16.cxd4 Nxd4 17.Bxd4 Bxd4 18.Nxd4 Qxd4 19.Qxc7 Qxd3 {with an eventual draw in Anand,V (2753)-Kramnik,V (2753) chess24.com INT 2020} ) 9.Nf1 Be6 10.Bb5 {All of this is very popular nowadays and the players actually had an earlier discussion in the line.} 10...Ne7 11.d4 exd4 12.cxd4 Bb6 13.Ng3 d5 14.e5 Ne4 {Now the game resembles the Ruy Lopez. Carlsen deviates from their earlier game with...} 15.Bd3 {...which is the right diagonal for his bishop.} ( {Instead} 15.Be3 Nf5 16.Nxf5 Bxf5 17.Nd2 Nxd2 18.Qxd2 a4 19.b4 axb3 20.axb3 c6 21.Be2 Qe7 {and a draw later evidently did not prove sufficient for the world champion, Carlsen,M (2863)-Nakamura,H (2736) chess24.com 2020} ) 15...Nxg3 16.hxg3 a4 $146 {Now the bishop retreats with tempo.} ( {The stem game saw the logical} 16...Qd7 17.Bc2 Bf5 {Black definitely wants to get rid of the light-squared bishops. However, White escaped from the trade with} 18.Ba4 Qe6 19.Be3 Bh7 20.Rc1 Rad8 21.Rc3 Be4 22.Nd2 Nf5 {with a complex game in Wang,H (2726)-Oleksienko,M (2598) Qinhuangdao 2019} ) 17.Bc2 a3 ( {In case of} 17...Qd7 {White can obstruct the opponent's plan with} 18.Nh4 Nf5 19.Qd3 {Forcing a weakening on the kingside:} 19...g6 20.Nf3 {with a better position for White.} ) 18.bxa3 {Carlsen took some time on this move and then chopped the pawn off.} ( {Also tempting was the idea from the above-mentioned line:} 18.Nh4 $5 axb2 19.Bxb2 {Then Black should probably seek counterplay with} 19...c5 {as the forcing} 20.Qd3 g6 21.Qe3 Kg7 22.dxc5 {does not win a pawn for White due to} 22...Bxc5 23.Qxc5 Rc8 24.Qb5 Rxc2 {with unclear play.} ) 18...Bg4 ( {If} 18...Bf5 19.Bb3 {and the bishop refuses to be traded.} ) 19.a4 $1 {An excellent idea. First White brings the dark-squared bishop in the game.} 19...Qd7 ( {There is no way to put more pressure on the d4-pawn:} 19...Nf5 20.Qd3 g6 21.Nh2 $1 ) 20.Ba3 Rfe8 {Finally Nakamura is ready for Bg4-f5, but...} ( {No time for} 20...Bf5 $2 21.Bxf5 ) 21.Bxe7 $1 {An excellent positional operation which secures White a long-term advantage. Both the light squares complex and Black's kingside are in jeopardy.} 21...Qxe7 22.Qd3 g6 23.Nh4 {Now the sacrifice on g6 seems inevitable. After a long thought Nakamura bets on activity.} 23...Qb4 ( {If the queen defends the kingside:} 23...Qg5 24.f4 Qh5 25.Kf2 $1 {followed by Re1-h1 is awkward for Black.} ) ( {The various versions of the sacrifice are demonstrated by these short lines:} 23...c5 $2 24.Nxg6 fxg6 25.Qxg6+ Qg7 26.Qxb6 ) ( {Or} 23...Kg7 $2 24.Nxg6 {with immediate collapse.} ) 24.Nxg6 Qxd4 {The point. But now there is} 25.Ne7+ Kf8 ( {Naturally, not} 25...Rxe7 26.Qh7+ Kf8 27.Qh8# ) 26.Nxd5 {It seems like Black is almost done, but Nakamura has an ingenious idea on his mind.} 26...Qxf2+ $1 {"Just a shock. I just didn't believe it was possible." (Carlsen)} ( {Instead} 26...Qxd3 27.Bxd3 Ba5 28.Re3 {leaves Black two pawns down, in very difficult situation.} ) ( {Carlsen expected} 26...Rxe5 {which gives good chances to draw the game.} 27.Nxb6 Rxe1+ 28.Rxe1 Qxd3 29.Bxd3 cxb6 30.Bb5 {"I'm a pawn up but it doesn't matter." (Carlsen)} ) 27.Kh2 {'"And then, when he went..."'} 27...Rad8 {"...my first thought was: I may have missed some kind of mate. But it turns out he is lost, fortunately."} 28.Rf1 Rxe5 {This was Nakamura's idea. It seems as Black is mating.} ( {The main thing Nakamura had missed was that after} 28...Bf5 29.Qa3+ Qc5 {White has} 30.Qc1 $1 {winning.} ) ( {The retreat of the queen} 28...Qc5 {allows} 29.Rxf7+ $1 Kxf7 30.Qg6+ Kf8 31.Rf1+ ) ( {whereas} 28...Rxd5 29.Qxd5 {does not leave Black time to regain the material:} 29...Qxc2 30.Qxf7# ) 29.Rxf2 Rdxd5 ( {Nakamura said he should have gone for} 29...Bxf2 30.Qa3+ c5 31.Nf4 Bd4 {although he did think it was lost objectively, and it is.} 32.Rf1 Kg7 33.Qb3 Re7 ) 30.Rxf7+ $3 {The only move, but sufficient. Everything else might have led to an inferior position for White!} ( {Black is mating, for instance, after} 30.Qh7 Bxf2 ) 30...Ke8 ( {Alas, after the capture} 30...Kxf7 31.Rf1+ Ke7 32.Qh7+ Kd6 33.Qg6+ {Black does not have a good square for the king, therefore his attacking setup becomes inadequate.} 33...Be6 ( {Or mate in case of} 33...Ke7 34.Rf7+ Kd8 35.Qf6+ ) 34.g4 {The king is out, White wins.} ) 31.Qxd5 $1 {The simplest. There will be no mate, only plenty of extra material for White.} 31...Rxd5 32.Bg6 Kd8 33.Re1 c6 34.Rxb7 Bc7 35.Re8+ Kd7 36.Rh8 1-0